Playing catch-up (Record no. 73691)
[ view plain ]
| 000 -LEADER | |
|---|---|
| fixed length control field | 01137cam a2200229 4500 |
| 001 - CONTROL NUMBER | |
| control field | ABS67166 |
| 008 - FIXED-LENGTH DATA ELEMENTS--GENERAL INFORMATION | |
| fixed length control field | 031029n2003 000 0 eng u |
| 035 ## - SYSTEM CONTROL NUMBER | |
| System control number | (Sirsi) u124155 |
| 100 ## - MAIN ENTRY--PERSONAL NAME | |
| Personal name | Smulian, M. |
| 245 ## - TITLE STATEMENT | |
| Title | Playing catch-up |
| 260 ## - PUBLICATION, DISTRIBUTION, ETC. | |
| Date of publication, distribution, etc. | 2003 |
| 490 ## - SERIES STATEMENT | |
| Series statement | Axis |
| Volume/sequential designation | 57(9) September/October 2003, 8(1) |
| 520 ## - SUMMARY, ETC. | |
| Summary, etc. | The Starter Home Initiative was originally launched in 2001 to help key workers into home ownership in high cost areas in London and southeast England but faces an embarrassing gap between the 3 300 loans actually made and the proposed 10 000 beneficiaries by 2004. The scheme has been re-launched with higher loans available between £30 000 and £50 000. Discusses whether the government target can be met in the context of current house price movements taking affordable housing further out of the reach of the key workers the scheme is designed for. |
| 590 ## - LOCAL NOTE (RLIN) | |
| Local note | ABS |
| 650 ## - SUBJECT ADDED ENTRY--TOPICAL TERM | |
| Topical term or geographic name entry element | STARTER HOME INITIATIVE |
| 650 ## - SUBJECT ADDED ENTRY--TOPICAL TERM | |
| Topical term or geographic name entry element | STARTER HOMES |
| 650 ## - SUBJECT ADDED ENTRY--TOPICAL TERM | |
| Topical term or geographic name entry element | LONDON |
| 650 ## - SUBJECT ADDED ENTRY--TOPICAL TERM | |
| Topical term or geographic name entry element | SOUTHEAST ENGLAND |
| 650 ## - SUBJECT ADDED ENTRY--TOPICAL TERM | |
| Topical term or geographic name entry element | KEY WORKERS |
| 690 ## - LOCAL SUBJECT ADDED ENTRY--TOPICAL TERM (OCLC, RLIN) | |
| Topical term or geographic name as entry element | PROPERTY-RESIDENTIAL PROPERTY-RESIDENTIAL PROPERTY MARKET |
| 942 ## - ADDED ENTRY ELEMENTS (KOHA) | |
| Suppress in OPAC | 0 |
| Withdrawn status | Lost status | Source of classification or shelving scheme | Damaged status | Not for loan | Home library | Current library | Shelving location | Date acquired | Total Checkouts | Full call number | Barcode | Date last seen | Copy number | Price effective from | Koha item type |
|---|---|---|---|---|---|---|---|---|---|---|---|---|---|---|---|
| Dewey Decimal Classification | London | London | Journal article | 29/10/2003 | ABS67166 | 124155-1001 | 06/08/2019 | 1 | 06/08/2019 | Journal article |